Normal view
MARC view
- النواب العرب- الدولة العثمانية 1908-1914
Entry Topical Term
001 - CONTROL NUMBER
- control field: 8006
003 - CONTROL NUMBER IDENTIFIER
- control field: JO-AjAnu
005 - DATE AND TIME OF LATEST TRANSACTION
- control field: 20230606071607.0
008 - FIXED-LENGTH DATA ELEMENTS
- fixed length control field: 230606|| aca||aabn | a|a d
040 ## - CATALOGING SOURCE
- Original cataloging agency: JO-AjAnu
- Transcribing agency: JO-AjAnu
150 ## - HEADING--TOPICAL TERM
- Topical term or geographic name entry element: النواب العرب- الدولة العثمانية 1908-1914
670 ## - SOURCE DATA FOUND
- Source citation: Work cat.: (JO-AjAnu)4134: تاليف عبد القادر، عصمت برهان الدين, author 8005, دور النواب العرب في مجلس المبعوثان العثماني(1908-1914)